Young working and still homeless (Record no. 105874)
[ view plain ]
| 000 -LEADER | |
|---|---|
| fixed length control field | 01110cam a2200229 4500 |
| 001 - CONTROL NUMBER | |
| control field | ##L134978 |
| 008 - FIXED-LENGTH DATA ELEMENTS--GENERAL INFORMATION | |
| fixed length control field | 060914n2006 000 0 eng u |
| 035 ## - SYSTEM CONTROL NUMBER | |
| System control number | (Sirsi) u134978 |
| 041 0# - LANGUAGE CODE | |
| Language code of text/sound track or separate title | eng |
| 050 04 - LIBRARY OF CONGRESS CALL NUMBER | |
| Classification number | 333.33 $2 18 |
| 110 2# - MAIN ENTRY--CORPORATE NAME | |
| Corporate name or jurisdiction name as entry element | Chartered Institute of Housing |
| 9 (RLIN) | 2394 |
| 245 00 - TITLE STATEMENT | |
| Title | Young working and still homeless |
| Remainder of title | housing market affordability in Wales in 2005 |
| 260 ## - PUBLICATION, DISTRIBUTION, ETC. | |
| Place of publication, distribution, etc. | Cardiff |
| Name of publisher, distributor, etc. | CIH Cymru |
| Date of publication, distribution, etc. | 2006 |
| 490 #0 - SERIES STATEMENT | |
| Series statement | CIH Cymru Key Information |
| Volume/sequential designation | (5) September 2006 |
| 520 ## - SUMMARY, ETC. | |
| Summary, etc. | Suggests that affordability in Wales is still getting worse, with mortgage cost to income ratios very close to their previous peak in 1990. Gives average house price to income ratios for each local authority area in Wales and sets out the amount of younger working households that cannot afford to purchase a property. Tables. |
| 590 ## - LOCAL NOTE (RLIN) | |
| Local note | IKA190906, KA |
| 650 24 - SUBJECT ADDED ENTRY--TOPICAL TERM | |
| Topical term or geographic name entry element | Affordable housing |
| 9 (RLIN) | 6215 |
| 651 #4 - SUBJECT ADDED ENTRY--GEOGRAPHIC NAME | |
| Geographic name | Wales |
| Chronological subdivision | 1998-2007 |
| 690 ## - LOCAL SUBJECT ADDED ENTRY--TOPICAL TERM (OCLC, RLIN) | |
| Topical term or geographic name as entry element | PROPERTY-RESIDENTIAL PROPERTY-RESIDENTIAL PROPERTY MARKET |
| 856 40 - ELECTRONIC LOCATION AND ACCESS | |
| Uniform Resource Identifier | <a href="https://www.cih.org/cymru/policy/key5.htm">https://www.cih.org/cymru/policy/key5.htm</a> |
| Public note | View the item free of charge at www.cih.org... |
| 942 ## - ADDED ENTRY ELEMENTS (KOHA) | |
| Suppress in OPAC | 0 |
| Withdrawn status | Lost status | Source of classification or shelving scheme | Damaged status | Not for loan | Home library | Current library | Shelving location | Date acquired | Total Checkouts | Full call number | Barcode | Date last seen | Copy number | Price effective from | Koha item type |
|---|---|---|---|---|---|---|---|---|---|---|---|---|---|---|---|
| Dewey Decimal Classification | Virtual | Virtual | Online | 14/09/2006 | ONLINE PUBLICATION | 134978-1001 | 06/08/2019 | 1 | 06/08/2019 | Book |